banner koha

Pneu reformado no campo (Registro n. 300619)

MARC details
000 -LÍDER
fixed length control field 00826nab a2200241 4500
003 - CÓDIGO MARC DA AGÊNCIA CATALOGADORA
Campo de controle BR-BrBNA
005 - DATA E HORA DA ÚLTIMA ATUALIZAÇÃO
Campo de controle 20240814161032.0
008 - CAMPO DE TAMANHO FIXO
fixed length control field 240722b bl.||||| |||| 00| 0 por d
040 ## - FONTE DA CATALOGAÇÃO
Agência catalogadora BR-BrBNA
Idioma da catalogação por
072 ## - CATEGORIA AGRIS
Código AGRIS N20 ; E20 ; E70
Código do objeto 4500
100 ## - ENTRADA PRINCIPAL - NOME PESSOAL
Nome pessoal Costa, Antônio
245 ## - TÍTULO PRINCIPAL
Título principal Pneu reformado no campo
Subtítulo Tecnologia
500 ## - NOTA GERAL
Nota geral 3 illus.
942 ## - ADDED ENTRY ELEMENTS (KOHA)
Koha item type
650 ## - ASSUNTO - THESAGRO
Cabeçalho tópico ou nome geográfico MÁQUINA AGRÍCOLA
650 ## - ASSUNTO - THESAGRO
Cabeçalho tópico ou nome geográfico EQUIPAMENTO AGRÍCOLA
650 ## - ASSUNTO - THESAGRO
Cabeçalho tópico ou nome geográfico PNEU REFORMADO
650 ## - ASSUNTO - THESAGRO
Cabeçalho tópico ou nome geográfico CUSTO-BENEFÍCIO
650 ## - ASSUNTO - THESAGRO
Cabeçalho tópico ou nome geográfico CONTROLE DE QUALIDADE
650 ## - ASSUNTO - THESAGRO
Cabeçalho tópico ou nome geográfico SELO DE QUALIDADE
773 0# - ENTRADA ANALÍTICA
Host Biblionumber 4604
Registro do item 317187
Imprenta Palmas - Tocantins Terranova Gráfica e Editora Jornalística Ltda 2005
Outro identificador 2024-3811
Título Cerrado Rural Agronegócios (Brazil)
ISSN 1980-2595
Colação v. 3(16) p. (24;29); (Apr 2006)
Número de controle de registro BR2024001991

Nenhum exemplar disponível.

BINAGRI

Telefone: (61)3218-2567/2388/3357/2097 - binagri@agro.gov.br

Ministério da Agricultura e Pecuária , Esplanada dos Ministérios, Bloco D, Anexo B, Brasília/DF, CEP: 70.043-900